|
|
|
|
| LEADER |
01777nam a22004334a 4500 |
| 001 |
EBC357912 |
| 003 |
MiAaPQ |
| 005 |
20200520144314.0 |
| 006 |
m o d | |
| 007 |
cr cn||||||||| |
| 008 |
080717s2008 caua sbt 000 0 eng c |
| 010 |
|
|
|z 2008298184
|
| 020 |
|
|
|z 0833042297 (pbk.)
|
| 020 |
|
|
|z 9780833042293 (pbk.)
|
| 035 |
|
|
|a (MiAaPQ)EBC357912
|
| 035 |
|
|
|a (Au-PeEL)EBL357912
|
| 035 |
|
|
|a (CaPaEBR)ebr10235178
|
| 035 |
|
|
|a (OCoLC)476182902
|
| 040 |
|
|
|a MiAaPQ
|c MiAaPQ
|d MiAaPQ
|
| 050 |
|
4 |
|a VM300
|b .U85 2008
|
| 245 |
0 |
0 |
|a Using the steel-vessel material-cost index to mitigate shipbuilder risk
|h [electronic resource] /
|c Edward G. Keating ... [et al.].
|
| 260 |
|
|
|a Santa Monica :
|b Rand Corporation,
|c c2008.
|
| 300 |
|
|
|a xiii, 15 p. :
|b ill.
|
| 490 |
1 |
|
|a Technical report ;
|v TR-520-NAVY
|
| 500 |
|
|
|a "Prepared for the Office of the Secretary of Defense."
|
| 500 |
|
|
|a "RAND National Defense Research Institute."
|
| 504 |
|
|
|a Includes bibliographical references (p. 15).
|
| 530 |
|
|
|a Also available via the World Wide Web.
|
| 533 |
|
|
|a Electronic reproduction. Ann Arbor, MI : ProQuest, 2015. Available via World Wide Web. Access may be limited to ProQuest affiliated libraries.
|
| 650 |
|
0 |
|a Shipbuilding
|x Costs.
|
| 650 |
|
0 |
|a Shipbuilding
|x Materials.
|
| 650 |
|
0 |
|a Ships, Iron and steel.
|
| 655 |
|
4 |
|a Electronic books.
|
| 700 |
1 |
|
|a Keating, Edward G.
|q (Edward Geoffrey),
|d 1965-
|
| 710 |
1 |
|
|a United States.
|b Dept. of Defense.
|b Office of the Secretary of Defense.
|
| 710 |
2 |
|
|a National Defense Research Institute (U.S.)
|
| 710 |
2 |
|
|a ProQuest (Firm)
|
| 830 |
|
0 |
|a Technical report (Rand Corporation) ;
|v TR-520-NAVY.
|
| 856 |
4 |
0 |
|u https://ebookcentral.proquest.com/lib/matrademy/detail.action?docID=357912
|z Click to View
|